<?xml version="1.0" encoding="UTF-8"?><?xml-stylesheet type="text/xsl" href="static/style.xsl"?><OAI-PMH xmlns="http://www.openarchives.org/OAI/2.0/" xmlns:xsi="http://www.w3.org/2001/XMLSchema-instance" xsi:schemaLocation="http://www.openarchives.org/OAI/2.0/ http://www.openarchives.org/OAI/2.0/OAI-PMH.xsd"><responseDate>2026-04-27T13:49:15Z</responseDate><request verb="GetRecord" identifier="oai:uvadoc.uva.es:10324/9708" metadataPrefix="marc">https://uvadoc.uva.es/oai/request</request><GetRecord><record><header><identifier>oai:uvadoc.uva.es:10324/9708</identifier><datestamp>2025-02-07T13:05:49Z</datestamp><setSpec>com_10324_7407</setSpec><setSpec>com_10324_5186</setSpec><setSpec>com_10324_29291</setSpec><setSpec>col_10324_7437</setSpec></header><metadata><record xmlns="http://www.loc.gov/MARC21/slim" xmlns:doc="http://www.lyncode.com/xoai" xmlns:xsi="http://www.w3.org/2001/XMLSchema-instance" xmlns:dcterms="http://purl.org/dc/terms/" xsi:schemaLocation="http://www.loc.gov/MARC21/slim http://www.loc.gov/standards/marcxml/schema/MARC21slim.xsd">
<leader>00925njm 22002777a 4500</leader>
<datafield tag="042" ind1=" " ind2=" ">
<subfield code="a">dc</subfield>
</datafield>
<datafield tag="720" ind1=" " ind2=" ">
<subfield code="a">Sagredo San Eustaquio, Luis</subfield>
<subfield code="e">author</subfield>
</datafield>
<datafield tag="260" ind1=" " ind2=" ">
<subfield code="c">2003</subfield>
</datafield>
<datafield tag="520" ind1=" " ind2=" ">
<subfield code="a">Some "hispanas" coins with Iberian legend and Latin legend have been found in the Deobrigula settlement as well as some Imperial coins from 1st century to 4th century. In this work we study the specimen with Latin legend from Augustus' time and earlier times.</subfield>
</datafield>
<datafield tag="520" ind1=" " ind2=" ">
<subfield code="a">En el asentamiento de "Deobrigula" aparecieron monedas hispanas con leyenda ibéricas y con leyenda latina así como piezas imperiales comprendidas entre el siglo I y el siglo IV dc. En este trabajo analizamos los ejemplares con leyenda latina de época de Augusto y anteriores a su gobierno.</subfield>
</datafield>
<datafield tag="024" ind2=" " ind1="8">
<subfield code="a">Hispania antiqua, 2003, N.27, pags.115-142</subfield>
</datafield>
<datafield tag="024" ind2=" " ind1="8">
<subfield code="a">1130-0515</subfield>
</datafield>
<datafield tag="024" ind2=" " ind1="8">
<subfield code="a">http://uvadoc.uva.es/handle/10324/9708</subfield>
</datafield>
<datafield tag="024" ind2=" " ind1="8">
<subfield code="a">115</subfield>
</datafield>
<datafield tag="024" ind2=" " ind1="8">
<subfield code="a">27</subfield>
</datafield>
<datafield tag="024" ind2=" " ind1="8">
<subfield code="a">142</subfield>
</datafield>
<datafield tag="024" ind2=" " ind1="8">
<subfield code="a">Hispania antiqua</subfield>
</datafield>
<datafield ind1=" " ind2=" " tag="653">
<subfield code="a">España-Historia</subfield>
</datafield>
<datafield ind1=" " ind2=" " tag="653">
<subfield code="a">Historia Antigua</subfield>
</datafield>
<datafield tag="245" ind1="0" ind2="0">
<subfield code="a">Circulación monetaria de los ejemplares con leyenda latina, hallados en Deobrigula, durante las etapas preaugustea y augustea</subfield>
</datafield>
</record></metadata></record></GetRecord></OAI-PMH>